[Event "Joao Pessoa de Assis Memorial 2nd"]
[Site "Joao Pessoa"]
[Date "2022.10.23"]
[Round "5"]
[White "Lima, Artur Tin Lun Dai"]
[Black "Dantas, Francisco"]
[Result "1-0"]
[WhiteElo "1817"]
[BlackElo "1923"]
[PlyCount "151"]
[EventDate "2022.10.21"]
[EventType "swiss"]
[EventRounds "6"]
[EventCountry "BRA"]
[SourceTitle "CBM 210 Extra"]
[Source "ChessBase"]
[SourceDate "2022.11.30"]
[SourceVersion "1"]
[SourceVersionDate "2022.11.30"]
[SourceQuality "1"]

1. e4 c5 2. Nf3 d6 3. d4 cxd4 4. Nxd4 Nf6 5. Nc3 a6 6. f3 e5 7. Nb3 Be7 8. Be3 Be6 9. Qd2 Nbd7 10. 0-0-0 Qc7 11. g4 Rc8 12. g5 Nh5 13. Nd5 Bxd5 14. exd5 Nb6 15. Kb1 Nc4 16. Bxc4 Qxc4 17. Rhg1 g6 18. Rg4 Qc7 19. h4 0-0 20. f4 Qd7 21. Rgg1 exf4 22. Bxf4 Rc7 23. Nd4 Rfc8 24. c3 Rc5 25. Nc2 Rc4 26. Rdf1 Qh3 27. Rh1 Qg4 28. Ne3 Qd7 29. Nxc4 Rxc4 30. Ka1 b5 31. Rf2 Qg4 32. Qe2 Qxe2 33. Rxe2 Bf8 34. Bh2 Rxh4 35. Rg1 Ng7 36. Kb1 Nf5 37. Kc2 h5 38. Bg3 Rh3 39. Bf4 Rf3 40. Bd2 Ne7 41. Re3 Rf5 42. Rd3 Nxd5 43. b3 Nc7 44. c4 d5 45. cxd5 Nxd5 46. Re1 Nc7 47. Rd8 Ne6 48. Ra8 Rf2 49. Kd3 Rf5 50. Bb4 Kg7 51. Bxf8+ Nxf8 52. Ree8 Rxg5 53. Rxf8 Rd5+ 54. Ke3 Rd6 55. Rg8+ Kh6 56. Rad8 Rf6 57. Rd5 Re6+ 58. Kf3 f6 59. Rh8+ Kg7 60. Rhd8 Rc6 61. R8d6 Rc3+ 62. Kg2 Rc2+ 63. Rd2 Rc5 64. Rxa6 g5 65. Rf2 f5 66. Rd2 Rc7 67. Rad6 Rc3 68. Rb6 Rc7 69. Rxb5 Rf7 70. Rdd5 Kg6 71. Rb6+ Kg7 72. Rbd6 Rf6 73. Rxf6 Kxf6 74. a4 g4 75. a5 Ke6 76. Rxf5 1-0

[Event "Joao Pessoa de Assis Memorial 2nd"]
[Site "Joao Pessoa"]
[Date "2022.10.21"]
[Round "1"]
[White "Goldenbrain, Luiz Glaudivan Silv"]
[Black "Dantas, Francisco"]
[Result "1/2-1/2"]
[WhiteElo "1584"]
[BlackElo "1923"]
[PlyCount "26"]
[EventDate "2022.10.21"]
[EventType "swiss"]
[EventRounds "6"]
[EventCountry "BRA"]
[SourceTitle "CBM 210 Extra"]
[Source "ChessBase"]
[SourceDate "2022.11.30"]
[SourceVersion "1"]
[SourceVersionDate "2022.11.30"]
[SourceQuality "1"]

1. e4 c5 2. Nf3 Nc6 3. d4 cxd4 4. Nxd4 Nf6 5. Nc3 e5 6. Nxc6 bxc6 7. Bc4 Bb4 8. 0-0 0-0 9. Re1 h6 10. a3 Bxc3 11. bxc3 Qa5 12. Re3 Re8 13. Rg3 d5 1/2-1/2

[Event "Joao Pessoa Fischer Memorial 11th"]
[Site "Joao Pessoa"]
[Date "2022.05.06"]
[Round "2"]
[White "Baltar, Petrov Ferreira"]
[Black "Dantas, Francisco"]
[Result "1/2-1/2"]
[WhiteElo "1646"]
[BlackElo "1931"]
[PlyCount "49"]
[EventDate "2022.05.06"]
[EventType "swiss"]
[EventRounds "6"]
[EventCountry "BRA"]
[SourceTitle "EXT 2023"]
[Source "ChessBase"]
[SourceDate "2022.10.05"]
[SourceVersion "1"]
[SourceVersionDate "2022.10.05"]
[SourceQuality "1"]

1. e4 c5 2. Nf3 Nc6 3. d4 cxd4 4. Nxd4 Nf6 5. Nc3 e5 6. Ndb5 d6 7. Bg5 a6 8. Bxf6 gxf6 9. Na3 b5 10. Nd5 f5 11. Bd3 Be6 12. c3 Bg7 13. Nc2 f4 14. a4 bxa4 15. Rxa4 a5 16. b4 0-0 17. 0-0 Bxd5 18. exd5 Ne7 19. bxa5 Rxa5 20. Rxa5 Qxa5 21. Nb4 Ra8 22. Qh5 Ng6 23. Bxg6 hxg6 24. Qf3 Qc5 25. Nc6 1/2-1/2

[Event "Joao Pessoa U2100 3rd"]
[Site "Joao Pessoa"]
[Date "2019.07.19"]
[Round "6.3"]
[White "Dantas, Francisco"]
[Black "Baltar, Petrov Ferreira"]
[Result "1-0"]
[WhiteElo "1903"]
[BlackElo "1662"]
[PlyCount "89"]
[EventDate "2019.07.14"]
[EventType "tourn"]
[EventRounds "11"]
[EventCountry "BRA"]
[SourceTitle "EXT 2022"]
[Source "ChessBase"]
[SourceDate "2021.10.06"]
[SourceVersion "1"]
[SourceVersionDate "2021.10.06"]
[SourceQuality "1"]

1. d4 Nf6 2. c4 g6 3. Nc3 Bg7 4. e4 d6 5. Be2 0-0 6. Bg5 h6 7. Bf4 Nbd7 8. Nf3 Nh5 9. Be3 e5 10. dxe5 dxe5 11. Qd2 Kh7 12. Rd1 c6 13. 0-0 Qe7 14. h3 a5 15. Qd6 Re8 16. Qxe7 Rxe7 17. g3 Nhf6 18. Kg2 Re8 19. Ne1 Bf8 20. Nd3 Bg7 21. a3 g5 22. f3 Re6 23. Rh1 Nh5 24. h4 gxh4 25. Rxh4 Ndf6 26. Rdh1 Kg6 27. g4 Nf4+ 28. Bxf4 exf4 29. Nxf4+ Kh7 30. Nxe6 Bxe6 31. g5 Ng8 32. f4 f5 33. exf5 Bxf5 34. Rd1 Kg6 35. Bh5+ Kh7 36. Bg4 Kg6 37. Bxf5+ Kxf5 38. gxh6 Nxh6 39. Kf3 Nf7 40. Ne4 Bxb2 41. Rh3 Ke6 42. Rh5 Rg8 43. Ng3 Rb8 44. Re1+ Kf6 45. Rf5+ 1-0

[Event "Natal Potiguar op"]
[Site "Natal"]
[Date "2017.06.03"]
[Round "3"]
[White "Dantas, Francisco"]
[Black "Gomes, Genildo de Souza"]
[Result "1-0"]
[WhiteElo "1905"]
[BlackElo "1588"]
[PlyCount "71"]
[EventDate "2017.06.02"]
[EventType "swiss"]
[EventRounds "6"]
[EventCountry "BRA"]
[SourceTitle "EXT 2018"]
[Source "ChessBase"]
[SourceDate "2017.10.13"]
[SourceVersion "1"]
[SourceVersionDate "2017.10.13"]
[SourceQuality "1"]

1. d4 Nf6 2. c4 g6 3. Nc3 Bg7 4. e4 d6 5. Be2 0-0 6. Bg5 c5 7. d5 Nbd7 8. Nf3 Ng4 9. 0-0 Nge5 10. Nxe5 Nxe5 11. f4 f6 12. Bh4 Nf7 13. Qc2 f5 14. Bd3 Nh6 15. h3 fxe4 16. Bxe4 Nf5 17. Bxf5 Bxf5 18. Qe2 Bf6 19. Bxf6 exf6 20. g4 Bd7 21. Ne4 Qe7 22. Rae1 Rae8 23. Qd2 f5 24. Nxc5 Qg7 25. Nxd7 Qxd7 26. g5 Re4 27. Rxe4 fxe4 28. Qe3 Qf5 29. Kg2 b6 30. Qg3 Re8 31. Qg4 Qf7 32. f5 e3 33. f6 e2 34. Re1 Re5 35. Rxe2 Rxe2+ 36. Qxe2 1-0

[Event "Joao Pessoa Fischer Memorial 7th"]
[Site "Joao Pessoa"]
[Date "2016.03.13"]
[Round "5"]
[White "Dantas, Francisco"]
[Black "Dutra, Liliam Guedes"]
[Result "1-0"]
[WhiteElo "1930"]
[BlackElo "1587"]
[PlyCount "117"]
[EventDate "2016.03.11"]
[EventType "swiss"]
[EventRounds "6"]
[EventCountry "BRA"]
[SourceTitle "CBM 171 Extra"]
[Source "ChessBase"]
[SourceDate "2016.04.26"]
[SourceVersion "1"]
[SourceVersionDate "2016.04.26"]
[SourceQuality "1"]

1. d4 Nf6 2. c4 e6 3. Nf3 b6 4. g3 Bb7 5. Bg2 d5 6. 0-0 Be7 7. Nc3 dxc4 8. Qa4+ Nbd7 9. Qxc4 0-0 10. Rd1 c5 11. dxc5 Qc8 12. Bg5 Bxc5 13. Qb3 Nd5 14. Na4 h6 15. Bd2 N7f6 16. Nxc5 Qxc5 17. Rac1 Qe7 18. Qa4 Rfe8 19. Ne5 Rec8 20. Rxc8+ Bxc8 21. e4 Qc7 22. exd5 Qxe5 23. dxe6 b5 24. exf7+ Kxf7 25. Qc2 Bf5 26. Qc6 Rc8 27. Qb7+ Rc7 28. Qa8 Rd7 29. Re1 Qxb2 30. Be3 Qc3 31. Rf1 Qc2 32. Bc6 Be4 33. Bxe4 Nxe4 34. Rc1 Rd1+ 35. Rxd1 Qxd1+ 36. Kg2 Qc2 37. Qxa7+ Kg8 38. Qb8+ Kh7 39. Qxb5 Nd6 40. Qb3 Qe4+ 41. f3 Qc6 42. a4 Nc4 43. Bf2 Qa6 44. Qb5 Qe6 45. a5 Qe2 46. Qc5 Nd2 47. Qf5+ Kg8 48. g4 Nf1 49. Qd5+ Kf8 50. Qc5+ Kg8 51. h4 Nd2 52. Qe3 Qf1+ 53. Kg3 Nc4 54. Qb3 Kh7 55. a6 Ne5 56. a7 Nd3 57. Qc2 h5 58. gxh5 Kh6 59. a8Q 1-0